The Physics Problems Solver : A Complete Solution Guide to Any Textbook /

Contenido: Vectores; Estática; Cinética; Dinámica; Energía y potencia; Impulso/momento; Movimiento giroscópico; Deformación elástica; Movimiento armónico; Hidrostática/aerostática; Hidrodinámica/aerodinámica; Temperatura; Calor/calorimetría; Gases; Termodinámica; Transferencia de calor; Electrostáti...

Descripció completa

Guardat en:
Dades bibliogràfiques
Altres autors: Fogiel, Max (dir.) Conductor
Format: Llibre
Idioma:anglès
Publicat: Piscataway, EUA : Research and Education Association, 2002, c2000
Col·lecció:(REA's Problem Solvers)
Matèries:
Etiquetes: Afegir etiqueta
Sense etiquetes, Sigues el primer a etiquetar aquest registre!

MARC

LEADER 00000nam^a2200000^a^4500
001 000142915
005 20250521000000.0
009 20260310095707.191
020 |a 0-87891-507-9 
037 |a Acervo ITESO - Biblioteca 
041 |a ING 
082 |a 530. 076  |b FOG 
100 |a Fogiel, Max  |e (dir.) 
245 1 4 |a The Physics Problems Solver :  |b A Complete Solution Guide to Any Textbook /  |c Dir. de M. Fogiel. 
264 4 |a Piscataway, EUA :  |b Research and Education Association,  |c 2002, c2000 
300 |a XVII, 1182 p. 
336 |a texto  |b txt  |2 rdacontenido 
337 |a sin mediación  |b n  |2 rdamedio 
338 |a volumen  |b nc  |2 rdasoporte 
440 1 |a (REA's Problem Solvers) 
520 |a Contenido: Vectores; Estática; Cinética; Dinámica; Energía y potencia; Impulso/momento; Movimiento giroscópico; Deformación elástica; Movimiento armónico; Hidrostática/aerostática; Hidrodinámica/aerodinámica; Temperatura; Calor/calorimetría; Gases; Termodinámica; Transferencia de calor; Electrostática; Interacciones electrostáticas; Electrodinámica; Circuitos eléctricos; Magnetismo; Inducción magnética; Corriente alterna; Poder eléctrico; Movimiento de ondas; Acústica; Optica geométrica; Lentes e instrumentos ópticos; Interferencia óptica; Difracción óptica; Atomos/estructura molecular; Efectos relativistas; Mecánica cuántica; radiación; Rayos X; Reacciones nucleares; Problemas especiales avanzados. 
649 |a XX 
650 |a Optica -  |x Problemas, Ejercicios, etc. 
650 |a Calor -  |x Problemas, Ejercicios, etc. 
650 |a Magnetismo -  |x Problemas, Ejercicios, etc. 
650 |a Electricidad -  |x Problemas, Ejercicios, etc. 
650 |a Hidráulica -  |x Problemas, Ejercicios, etc. 
650 |a Dinámica de Fluidos -  |x Problemas, Ejercicios, etc. 
650 |a Mecánica Cuántica -  |x Problemas, Ejercicios, etc. 
650 |a Mecánica -  |x Problemas, Ejercicios, etc. 
650 |a Física Matemática -  |x Problemas, Ejercicios, etc. 
650 |a Física Nuclear -  |x Problemas, Ejercicios, etc. 
650 |a Física -  |x Problemas, Ejercicios, etc. 
910 |a Fondo General 
920 |a Impresos - Libros 
930 |a Colección General 
905 |a 101 
901 |a 0500071656  |b IT1  |c ACC  |u 20250521 
902 |a https://opac.biblio.iteso.mx/vufind/Record/000142915